| 000 | 00422nam a2200133Ia 4500 | ||
|---|---|---|---|
| 008 | 221007s9999 xx 000 0 und d | ||
| 041 | _aeng | ||
| 082 | _bPAT | ||
| 100 |
_aPatil Pooja - 2k131044; Prof.Ranjana Gogate - Guide & [Company Name] - Sharekhan _9103226 |
||
| 245 | _aTechnical Analysis A Study of Selected Stocks | ||
| 260 |
_cSep-14 _bSavitribai Phule Pune University _aPune |
||
| 300 | _a35p | ||
| 906 | _bGeneral | ||
| 999 |
_c73558 _d73558 |
||